Statistics for Buffy the Vampire Slayer Characters by Picture

Click here to take the quiz!

General Stats

  • This quiz has been taken 388 times
  • The average score is 12 of 16

Answer Stats

Answer% Correct
Buffy Summers
100%
Angel
95%
Spike
91%
Willow Rosenberg
91%
Alexander Harris
90%
Rupert Giles
85%
Cordelia Chase
81%
Faith Lehane
73%
Dawn Summers
71%
Tara Maclay
69%
Anya Jenkins
68%
Daniel Osbourne
66%
Drusilla
65%
Riley Finn
64%
The Master
58%
Glorificus
49%

Score Distribution

Percentile by Number Answered

Percent of People with Each Score

Your Score History

You have not taken this quiz